Introduction to multivariate analysis / (Record no. 6809)
[ view plain ]
| 000 -LEADER | |
|---|---|
| fixed length control field | 01211nam a2200181 a 4500 |
| 020 ## - INTERNATIONAL STANDARD BOOK NUMBER | |
| ISBN | 0412160307 |
| 020 ## - INTERNATIONAL STANDARD BOOK NUMBER | |
| ISBN | 0412160404 (pbk.) |
| 050 00 - CALL NUMBER | |
| Classification number | QA278 |
| Item number | .C48 |
| 100 1# - AUTHOR | |
| Personal name | Chatfield, Christopher. |
| 245 10 - TITLE | |
| Title | Introduction to multivariate analysis / |
| Statement of responsibility, etc | Christopher Chatfield, Alexander J. Collins. |
| 260 ## - PUBLICATION INFORMATION | |
| Place of publication | London ; |
| -- | New York : |
| Name of publisher | Chapman and Hall, |
| Year of publication | 1980. |
| 300 ## - DESCRIPTION | |
| Number of Pages | x, 246 p. : |
| Other physical details | ill. ; |
| Dimensions | 24 cm. |
| 500 ## - NOTES | |
| General note | Includes indexes. |
| 505 ## - FORMATTED CONTENTS NOTE | |
| Table of Content | Part I Introduction <br/>Chapter 1. Introduction<br/>Chapter 2. Multivariate distribution <br/>Chapter 3. Preliminary data analysis<br/><br/>Part Two Finding New Underlying Variables <br/>Chapter 4. Principal component analysis<br/>Chapter 5. Factor analysis<br/><br/>Part Three: Procedures based on the multivariate normal distribution <br/>Chapter 6. The multivariate normal distribution <br/>Chapter 7. Procedures based on normal distribution theory <br/>Chapter 8. The multivariate analysis of variance<br/>Chapter 9. The multivariate analysis of covariance and related topics <br/><br/>Part Four Multidimensional scaling and cluster analysis<br/>Chapter 10. Multidimensional scaling <br/>Chapter 11. Cluster analysis<br/> |
| 650 #0 - SUBJECTS | |
| Topical Term | Multivariate analysis. |
| 700 1# - OTHER AUTHORS | |
| Personal name | Collins, Alexander J. |
| 942 ## - ADDED ENTRY ELEMENTS (KOHA) | |
| Koha item type | Books |
| Withdrawn status | Lost status | Collection code | Home library | Current library | Shelving location | Date acquired | Full call number | Accession Number | Koha item type |
|---|---|---|---|---|---|---|---|---|---|
| Reference | Methodist University Library Main | Methodist University Library Main | General Stacks | 25/07/2008 | QA278 .C48 | 20476 | Books |